SYNOPSIS OF DENTAL MATERIALS (Record no. 2570)

MARC details
000 -LEADER
fixed length control field 00360nam a2200145Ia 4500
008 - FIXED-LENGTH DATA ELEMENTS--GENERAL INFORMATION
fixed length control field 150201s2002 xx 000 0 und d
082 ## - DEWEY DECIMAL CLASSIFICATION NUMBER
Classification number 617.6
Item number S2002P
100 ## - MAIN ENTRY--PERSONAL NAME
Personal name MOHINI PURI
245 ## - TITLE STATEMENT
Title SYNOPSIS OF DENTAL MATERIALS
250 ## - EDITION STATEMENT
Edition statement 1ST
260 ## - PUBLICATION, DISTRIBUTION, ETC. (IMPRINT)
Name of publisher, distributor, etc. R.LALL BOOK DEPOT
Place of publication, distribution, etc. MEERUT(U.P)
Date of publication, distribution, etc. 2002
300 ## - PHYSICAL DESCRIPTION
Extent 1-392
650 ## - SUBJECT ADDED ENTRY--TOPICAL TERM
Topical term or geographic name as entry element DENTAL MATERIAL
942 ## - ADDED ENTRY ELEMENTS (KOHA)
Source of classification or shelving scheme Dewey Decimal Classification
Koha item type Books
Holdings
Withdrawn status Lost status Source of classification or shelving scheme Damaged status Not for loan Home library Current library Date acquired Source of acquisition Cost, normal purchase price Serial Enumeration / chronology SGTU Bill Number Total Checkouts Full call number Barcode Date last seen Bill Date Koha item type
    Dewey Decimal Classification     SGT Dental Library SGT Dental Library 12/07/2003 U.B.S. DELHI 170.00 1 SGTU 279   617.6 S2002P FD524 09/02/2015 31/01/2012 Books